000 01096nam a2200277 i 4500
003 DO-SdBNP
005 20250722094653.0
007 ta
008 130701s1997 dr r 000 0 spa d
040 _aDO-SdBNP
_bspa
_cBNPHU
_erda
041 _aspa
082 4 _axxxx
_bxxxx
_222
110 1 _aRepública Dominicana
_9447
240 1 0 _aLeyes, [etc]
245 1 0 _aLey No. 659 relativa a los actos del Estado Civil del 17 de julio de 1944 G.O. 6114 y sus modificaciones :
_bleyes 1306, 985, 1683, 5152, 1097, 585, 855, 390, 4999, 3931, 716, 284, 419, 406, 2, 84, 61, 214, 5818, 287, 5007, 55, 207, 64, 5832, 87, 1015, res. 4750, 3874 y reglamento 4151 /
_cedición, Héctor Bdo. Guzmán
250 _aPrimera edición ampliada con sus modificaciones
264 1 _aSanto Domingo :
_bDalis,
_c1997.
300 _a138 páginas ;
_c21 cm.
336 _atexto
_btxt
_2rdacontent
337 _asin mediación
_bn
_2rdamedia
338 _avolumen
_bnc
_2rdacarrier
590 _aInventariado, 2018/BT
700 _aGuzmán, Héctor Bdo.
_eeditor
_4ed.
_971585
910 _aBtavárez
942 _2ddc
_cLBS1
999 _c59603
_d59603